| Tag |
First Indicator |
Second Indicator |
Subfields |
| LEADER |
00000cam a2200000 4500 |
| 001 |
in00000059481 |
| 005 |
20151007082451.0 |
| 008 |
721117s1918 eng u |
| 035 |
|
|
|a (OCoLC)00498141
|
| 035 |
|
|
|9 AAF7923AM
|
| 040 |
|
|
|c KSU
|d TXA
|d UtOrBLW
|
| 049 |
|
|
|a TXAM
|c [12121]
|
| 090 |
|
|
|a D217
|b .M8
|
| 092 |
|
|
|a 321.8
|b M95
|
| 100 |
1 |
|
|a Muir, Ramsay,
|d 1872-1941.
|
| 245 |
1 |
0 |
|a National self-government, its growth and principles :
|b the culmination of modern history /
|c by Ramsay Muir.
|
| 264 |
|
1 |
|a New York :
|b Henry Holt & Co.,
|c 1918.
|
| 300 |
|
|
|a xi, 312 pages ;
|c 23 cm.
|
| 336 |
|
|
|a text
|b txt
|2 rdacontent
|
| 337 |
|
|
|a unmediated
|b n
|2 rdamedia
|
| 338 |
|
|
|a volume
|b nc
|2 rdacarrier
|
| 500 |
|
|
|a "This book is in some sense a sequel or companion to two other books, Nationalism and internationalism and The expansion of Europe ... The true order of the three books (which has not been followed in publication) is (1) Nationalism and internationalism; (2) National self-government; (3) The expansion of Europe."--Pref.
|
| 650 |
|
0 |
|a Representative government and representation.
|
| 650 |
|
0 |
|a Nationalism.
|
| 650 |
|
0 |
|a World War, 1914-1918.
|
| 651 |
|
0 |
|a Europe
|x Politics and government.
|
| 740 |
4 |
|
|a The culmination of modern history.
|
| 999 |
|
|
|a MARS
|
| 999 |
f |
f |
|s 7c5c0ee6-4f4b-3403-8ce9-d3d3ded243a4
|i 87a155c5-5c2e-365d-804d-2eccd6c999e9
|t 0
|
| 952 |
f |
f |
|p ric
|a Texas A&M University
|b Rellis Campus
|c Joint Library Facility
|d Remote Storage
|t 0
|e D217 .M8
|h Library of Congress classification
|i unmediated -- volume
|m A14800663211
|
| 998 |
f |
f |
|a D217 .M8
|t 0
|l Remote Storage
|